000 00314nam a2200133Ia 4500
005 20260328101452.0
008 260328s9999||||xx |||||||||||||| ||und||
100 _aWatkin, David
245 0 _aMoral y Arquitectura /
_cDavid Watkin
260 _bTusquets
300 _a171 p.
650 _aARQUITECTURA
942 _cBK
999 _c8716
_d8716